Fábulas : (Registro nro. 12295)

Detalles MARC
000 -LIDER
fixed length control field 02737nam a22003617a 4500
001 - NÚMERO DE CONTROL
Identificador de número de control 0205683013
003 - IDENTIFICACDOR DE NÚMERO DE CONTROL
control field DO-SdBPM
005 - DATE AND TIME OF LATEST TRANSACTION
control field 20250530135121.0
007 - CAMPOS FIJOS DE DESCRIPCIÓN FÍSICA
fixed length control field 0205683013
008 - ELEMENTOS DE LONGITUD FIJA
fixed length control field 161206b1999 sp a 00| 0 spa d
020 ## - ISBN
International Standard Book Number 8449411432 (Obra completa)
020 ## - ISBN
International Standard Book Number 8449411440 (v.I)
020 ## - ISBN
International Standard Book Number 8449411459 (v. II)
020 ## - ISBN
International Standard Book Number 8449411467 (v. III)
040 ## - FUENTE DE CATALOGACIÓN
Agencia que crea de manera original el registro DO-SdBPM
Idioma de catalogación spa
Agencia que realiza la transcripción BPMSU
082 ## - NÚMERO DE CLASIFICACIÓN DECIMAL DE DEWEY
Classification number 808.83
Item number F134b 2002
Edition number 22
245 00 - MENCIÓN DE TITULO
Título Fábulas :
Subtítulo Biblioteca infantil /
Mención de responsabilidad textos Víctor M. Armenteros, Jaime Rovira; dirección, Carlos Gispert.
260 ## - PUBLICACIÓN, DISTRIBUCIÓN, ETC. (PIE DE IMPRENTA)
Lugar de publicación, distribución, etc Barcelona, España :
Nombre del editor, distribuidor, etc. Océano Grupo Editorial,
Fecha de publicación, distribución, etc 2002.
300 ## - DESCRIPCIÓN FÍSICA
Extensión 3 v. :
Otros detalles físicos il. ;
Dimensiones 27 cm.
490 0# - MENCIÓN DE SERIES
Mención de serie Ver, oír y leer.
505 0# - NOTA DE CONTENIDO
Información miscelánea v. 1. Bíblia --
Título v.1. Bíblia --
505 0# - NOTA DE CONTENIDO
Información miscelánea v. 3. Cuentos --
Título v.3. Cuentos --
-- Caperucita roja --
-- El patito feo --
-- El gato con botas --
-- Aladino y la Lámpara maravillosa --
-- El príncipe feliz --
-- La casita de chocolate --
-- Blancanieves y los siete enanitos --
-- Los viajes de Gulliver --
-- Alicia en el país de las maravillas --
-- La princesa piel de asno --
-- Pulgarcito y sus hermanos --
-- Las aventuras de Peter Pan --
-- La cigarra y la hormiga --
-- Cassette 2. La liebre y la tortuga --
-- Los tres creditos y el lobo feroz --
-- Historia de la bella durmiente --
-- El maravilloso vestido del emperador --
-- La cenicienta --
-- Bambi y sus amigos del Bosque --
-- Riquete, el del copete --
-- Dumbo, el elefante que podía volar --
-- El soldadito de plomo --
-- Los tres osos --
-- Alí Babá y los cuarenta ladrones --
-- La gallina de los huevos de oro --
-- La maravillosa historia de Pinocho --
-- Androcles y el León.
505 0# - NOTA DE CONTENIDO
Información miscelánea v. 2. Fábulas.
Título v.2. Fábulas.
-- Cassette 1
-- El burro flautista --
-- El pastor y las ovejas --
-- La Asamblea de los ratones --
-- A margarita --
-- El ciervo en la fuente --
-- Los cangrejos --
-- El cultivo del Maíz --
-- El león con su ejército --
-- Aunque la mona se vista de seda --
-- Popol-vuh --
-- El asno vestido con piel de León --
-- La gata mujer --
-- Los músicos de Bremen --
-- Cassette 2.
-- La lechera --
-- El león y el ratón --
-- Los dos amigos y el oso --
-- Boca ancha --
-- El flautista de Hamelin --
-- La yerba mate --
-- El ratón de campo y el de ciudad --
-- El labrador y la providencia --
-- El coyote y el zorrillo --
-- La sirenita --
-- El perro mirándose en el agua --
-- El viento zonda --
-- La mariposa y el caracol --
-- El asno y el cochinillo.
590 ## - NOTA LOCAL
Texto de la nota local Inventariado, 2025/VM
650 ## - ENCABEZAMIENTO DE MATERIA--TEMÁTICO
Término temático o nombre geográfico como elemento de entrada Fábulas
Subdivisión de forma Colecciones
700 1# - ASIENTO SECUNDARIO -- NOMBRE PERSONAL
Nombre personal Gispert, Carlos,
Mención de responsabilidad dirrector
700 1# - ASIENTO SECUNDARIO -- NOMBRE PERSONAL
Nombre personal Armenteros, Víctor M.
Mención de responsabilidad texto
700 1# - ASIENTO SECUNDARIO -- NOMBRE PERSONAL
Nombre personal Rovira, Jaime
910 ## - VALIDACIÓN
Validación VMateo V. Control de calidad. BPMSU
942 ## - ADDED ENTRY ELEMENTS (KOHA)
Source of classification or shelving scheme Dewey Decimal Classification
Koha item type Libros
945 ## - INFORMACIÓN DE PROCESAMIENTO LOCAL
Información de procesamiento local Inventariado, 2018 /LP
956 ## - LOCAL ELECTRONIC LOCATION AND ACCESS (OCLC)
Nombre de host LOPEREZ
Número de acceso 10
Información de compresión 20161206
Procesador de solicitud BPMSU
Existencias
Withdrawn status Lost status Source of classification or shelving scheme Damaged status Not for loan Collection code Home library Current library Date acquired Source of acquisition Total Checkouts Full call number Barcode Date last seen Copy number Price effective from Koha item type
    Dewey Decimal Classification     Colección Infantil General Biblioteca Pública Metropolitana Salomé Ureña Biblioteca Pública Metropolitana Salomé Ureña 12/06/2016 Compra   BPMSU CGI 808.83 F134b 2002 BPMSU16120141 12/06/2016 v.2 12/06/2016 Libros
    Dewey Decimal Classification     Colección Infantil General Biblioteca Pública Metropolitana Salomé Ureña Biblioteca Pública Metropolitana Salomé Ureña 01/24/2017 Compra     BPMSU17010763 01/24/2017 v.2 01/24/2017 Libros
    Dewey Decimal Classification     Colección Infantil General Biblioteca Pública Metropolitana Salomé Ureña Biblioteca Pública Metropolitana Salomé Ureña 03/14/2018 Compra     BPMSU18030055 03/14/2018 v. 3 03/14/2018 Libros